| 000 | 00574nam a2200145Ia 4500 | ||
|---|---|---|---|
| 008 | 170221s9999 xx 000 0 und d | ||
| 100 | _aMuhamad Firdaus Anwar | ||
| 245 | _aImplementation of Performance Based Contracting in Malaysia | ||
| 245 | _cMuhamad Firdaus Anwar, Nur Diyana Md. Shariff, Teoh Chia Chia, Lim Xin Jie, Salman Riazi Mehdi Riazi, Mohd Nasrun Mohd Nawi | ||
| 260 | _bInternational Review of Management and Marketing | ||
| 260 | _c2016 | ||
| 300 | _a15 : 4 | ||
| 650 | _xMarketing. | ||
| 856 | _uhttp://www.econjournals.com/index.php/irmm/issue/view/97 | ||
| 999 |
_c312088 _d312088 |
||